01913nam a2200349 a 450000100100000000500170001000800410002704000250006808200200009310000410011324500720015426000340022630000210026049000690028149000380035050000640038850400560045259000270050861000510053565000440058665000650063065000540069583000730074983000450082291000380086795201330090595201330103895201330117195201180130495201240142299900170154600001650220260219105723.0100305s1989 dr 001 0 spa d aDO-SdBNPbspacBNPHU a378.7293bS211u1 aSánchez Hernández, Antonio9974613aLa universidad de nuestros días /cAntonio Sánchez Hernández. aSanto Domingo :bUASD,c1989. a176 P. ;c21 cm.1 aPublicaciones de la Universidad Autónoma de Santo Domingov6211 aUniversidad y Planificaciónv12 aIncluye datos biográficos del autor en la contracubierta. aIncluye bibliografía y notas al pie de páginas. aInventariado, 2018/ YL 0aUniversidad Autónoma de Santo Domingo976692 4aUniversidadesxFines y objetivos936732 4aPlanificación universitariazRepública Dominicana919531 0aEducación superiorzRepública Dominicana9730 aPublicaciones de la Universidad Autónoma de Santo Domingov621952 0aUniversidad y Planificaciónn12936733 aValidado. Control de calidad EMS. 001054708DSaGRbGRcHDd2010-03-05iLF1l0o378.7293 S211up16502-30r2020-06-25te. 3w2020-06-25yLFDSZPréstamo en sala 001054708DSaGRbGRcHDd2010-03-05iLF1l0o378.7293 S211up16502-40r2020-06-25te. 4w2020-06-25yLFDSZPréstamo en sala 001054708DSaGRbGRcHDd2013-06-07iLF1l0o378.7293 S211up16502-50r2020-06-25te. 5w2020-06-25yLFDSZPréstamo en sala 0010718PDaPDbPDcHDd2010-03-05iLF1l0o378.7293 S211up16502-10r2020-06-25w2020-06-25yLFPDZNo se presta 0010718PDaPDbPDcHDd2010-03-05iLF1l0o378.7293 S211up16502-20r2020-06-25te. 2w2020-06-25yLFPDZNo se presta c16037d16037